{"text_format":"3","workbook":"xlsx","n_sheets":1,"sheets":["Upłynnienia 2023"],"not_rendered":{"images":1,"defined_names":1},"read":"whole","date_system":"1900"}

{"sheet":"Upłynnienia 2023","index":0,"n_rows":22,"n_cols":6,"rows_kept":22,"merged":[[3,0,4,0],[3,1,4,1],[3,2,4,2],[3,3,4,3],[3,4,4,4],[3,5,4,5]]}
[]
[null,"MATERIAŁY ZBĘDNE PRZEZNACZONE DO UPŁYNNIEŃ 2023 ROK."]
[null,"Uaktualnienie"]
["Data pochodzenia","Nazwa materiału","Ilość ","Jm.","Ceny jednostkowe w zł.netto","Wartość w zł.netto"]
[]
["2008-05-15","06-02-01-18 ŁĄCZNIK DO RUR FI 175",9,"szt",{"v":100,"d":"100.00"},{"$f":"PRODUCT(C6:E6)","v":{"v":900,"d":"900.00"}}]
["2008-05-15","06-02-00-01 DOSZCZELNIACZ ZŁĄCZY KIEL DN 1000",1,"szt",{"v":1000,"d":"1000.00"},{"$f":"PRODUCT(C7:E7)","v":{"v":1000,"d":"1000.00"}}]
["2008-05-15","06-02-01-81 OPASKA USZCZELN. FI 350",8,"szt",{"v":100,"d":"100.00"},{"v":800,"d":"800.00"}]
["2008-05-15","06-02-01-22 ŁĄCZNIK DO RUR FI 450",2,"szt",{"v":500,"d":"500.00"},{"v":1000,"d":"1000.00"}]
["2008-05-15","06-02-03-82 ŁĄCZNIK RUROWY 225 PE",1,"szt",{"v":400,"d":"400.00"},{"v":400,"d":"400.00"}]
["2008-05-15","06-02-01-20 ŁĄCZNIK DO RUR FI 250",2,"szt",{"v":200,"d":"200.00"},{"v":400,"d":"400.00"}]
["2008-05-15","06-02-01-26 ŁĄCZNIK KOŁN.DN 125",8,"szt",{"v":50,"d":"50.00"},{"v":400,"d":"400.00"}]
["2008-05-15","06-02-03-47 ZŁĄCZE TEEKAY FI 1000",3,"szt",{"v":200,"d":"200.00"},{"v":600,"d":"600.00"}]
["2008-05-15","06-02-01-34 ŁĄCZNIK MUFA DN 125",7,"szt",{"v":100,"d":"100.00"},{"v":700,"d":"700.00"}]
["2008-05-15","06-02-00-02 DOSZCZELNIACZ ZŁACZY KIEL.DN 175",6,"szt",{"v":60,"d":"60.00"},{"v":360,"d":"360.00"}]
["2008-05-15","06-02-03-38 ZŁĄCZE STRAUB FI 219.1",1,"szt",{"v":300,"d":"300.00"},{"v":300,"d":"300.00"}]
["2008-05-15","06-02-02-48 SYFON KAM. FI 150 SZKLIWIONY",6,"szt",{"v":50,"d":"50.00"},{"v":300,"d":"300.00"}]
["2008-05-15","06-02-01-42 ŁĄCZNIK RUR UC DN 125",2,"szt",{"v":80,"d":"80.00"},{"v":160,"d":"160.00"}]
["2011-04-01","06-02-01-144 ŁĄCZNIK RUROWY DN 350",4,"szt.",{"v":300,"d":"300.00"},{"v":1200,"d":"1200.00"}]
[{"$nulls":5},{"$f":"SUM(F6:F19)","v":{"v":8520,"d":"8520.00"}}]
["Bliższe informacje można uzyskać pod nr tel. 056 6586450 ,  +48 600409151 "]
[null,"Toruń,dnia 10.03 2023r."]